000 00327nam a2200169Ia 4500
100 _aKumar/Balbir
650 _aEDC
250 _a2
942 _cBK
366 _f25
245 _aElectronic devices and circuits
260 _bprentice hall
_c2014
082 _bKUM
300 _a728
546 _aENGLISH
999 _c22843
_d22843